True or False Blitz: Asia Quiz Stats

 Plays Quiz Updated Mar 19, 2019

Score 0/20 Timer 02:00
7 Plays Today
Question Answer Wrong Answers
DESERTS: Part of the Gobi desert lies in Mongolia. True
83.8%
False
9%
POLITICS: All of the current communist states in the world are in Asia. False
80.4%
True
12.7%
RELIGION: Myanmar is predominantly Buddhist. True
78.8%
False
14.3%
GOVERNMENT: Bahrain is a monarchy. True
78.1%
False
14.9%
CAPITAL CITIES: The capital city of Uzbekistan is Tashkent. True
75%
False
18.2%
POLITICS: Fewer than 50 countries have officially recognized Taiwan as an independent country. True
73%
False
19.9%
SPORT: At least one Asian team has reached the semi-final of a FIFA World Cup. True
72.2%
False
20.8%
ISLANDS: Brunei is located on the island of Borneo. True
69.8%
False
23.2%
BORDERS: Iran borders Pakistan. True
69.5%
False
23.9%
OLYMPICS: In the last 30 years, Indian athletes have won only one gold medal at the Summer Olympics. True
64.1%
False
28.9%
FAMOUS PLACES: Angkor Wat is in Thailand. False
63.2%
True
29.9%
ISLANDS: There are more islands in Indonesia than the Philippines. True
62.7%
False
30.6%
COUNTRY NAMES: Jordan is the only Asian country whose name begins with 'J'. False
57.4%
True
36%
RIVERS: The Yangtze flows entirely within one country. True
57.3%
False
35.9%
AGRICULTURE: China is the world's largest producer of tea. True
57.3%
False
35.9%
CITIES: Chittagong is a seaport in India. False
54.7%
True
38.5%
POPULATION: Abu Dhabi is the most populous city in the United Arab Emirates. False
51%
True
42.4%
FLAGS: In the flag of Indonesia, the top stripe is white. False
48.7%
True
44.4%
CHINESE HISTORY: The Ming dynasty was the ruling dynasty before the Tang dynasty. False
39.7%
True
53.4%
UNITED NATIONS: Lebanon did not become a member of the United Nations until 2003. False
37.4%
True
55.9%

You're not logged in!

Compare scores with friends on all Sporcle quizzes.
OR
Log In

Sporcle TV

Today on Sporcle TV


Watch our educational content, quiz creation guides, and fun videos on Sporcle TV.

Show Comments

Extras

Top Quizzes Today


Score Distribution

Your Account Isn't Verified!

In order to create a playlist on Sporcle, you need to verify the email address you used during registration. Go to your Sporcle Settings to finish the process.

Report this User

Report this user for behavior that violates our Community Guidelines.

Details: